Literature by Meme Quiz Stats

 Plays Quiz Updated Jan 12, 2020

Support Sporcle.
Go Orange.
Score 0/20 Timer 07:00
5 Plays Today
% Correct
Dracula
85.4%
Alice's Adventures in Wonderland (Alice)
85.1%
Moby-Dick (Ahab)
82.3%
The Great Gatsby (Tom)
80.8%
Lord of the Flies (Roger, Jack and the boys)
72.9%
The Hunchback of Notre-Dame (Quasimodo)
71.8%
Macbeth
68.5%
Hunger Games: Mockingjay (Katniss)
68.2%
To Kill a Mockingbird (Atticus)
63.8%
Fahrenheit 451 (Montag)
58.9%
% Correct
Of Mice and Men (Lennie)
56.9%
The Iliad (Achilles)
47.2%
The Old Man and the Sea (Santiago)
45.4%
Jane Eyre
44.1%
One Flew Over the Cuckoo's Nest (Bromden)
38.9%
Nineteen Eighty-Four (Winston)
38.9%
Great Expectations (Miss Havisham)
33.4%
Atlas Shrugged (Dagny)
30.3%
Fantastic Mr. Fox
24.9%
Far from the Madding Crowd (Bathsheba)
12.3%

You're not logged in!

Compare scores with friends on all Sporcle quizzes.
OR
Log In

From the Vault

Basketball Movies

by Ben

We suspect that the special effects budget of these movies is surprising large, most of it going to making it look like the actors can actually make a free throw.
Remove Ads.
Support Sporcle.
Get the best of Sporcle when you Go Orange. This ad-free experience offers more features, more stats, and more fun while also helping to support Sporcle. Thank you for becoming a member.

Show Comments

Extras

Top Quizzes Today


Score Distribution

Your Account Isn't Verified!

In order to create a playlist on Sporcle, you need to verify the email address you used during registration. Go to your Sporcle Settings to finish the process.

Report this User

Report this user for behavior that violates our Community Guidelines.

Details: